Response surfaces, mixtures, and ridge analyses

Gespeichert in:
Bibliographische Detailangaben
1. Verfasser:  Box, George E. P
Format: Sách
Sprache:Undetermined
Veröffentlicht:  John Wiley  2007
Schlagworte:
Tags: Tag hinzufügen
Keine Tags, Fügen Sie den ersten Tag hinzu!
Thư viện lưu trữ: Trung tâm Thư viện - Trường Đại học Công nghiệp TP. Hồ Chí Minh
LEADER 00496nam a2200157Ia 4500
001 UIH_04117
008 231011s9999 xx 000 0 und d
082 |a  519.5 
100 |a  Box, George E. P 
245 0 |a  Response surfaces, mixtures, and ridge analyses 
245 0 |c  Box, George E. P 
260 |b  John Wiley 
260 |c  2007 
650 |a  Toán học thống kê;  
927 |a Sách 
980 |a Trung tâm Thư viện - Trường Đại học Công nghiệp TP. Hồ Chí Minh